| 000 | 00842nam a2200241 4500 | ||
|---|---|---|---|
| 001 | 143862 | ||
| 003 | ES-MaACL | ||
| 005 | 20250716062623.0 | ||
| 007 | t| | ||
| 008 | 070214s1970 mx r ||||1| spa d | ||
| 100 | 1 |
_aShakespeare, William, _d1564-1616 _9105992 |
|
| 245 | 1 | 0 |
_aObras completas / _cW. Shakespeare ; prólogo de Victor Hugo ; traducción de R. Martínez Lafuente. _n, . Tomo séptimo. |
| 260 |
_aMéxico : _bEd. Nacional, _c1970. |
||
| 300 |
_a271 p. ; _c17 cm. |
||
| 500 | _aContiene: La fiera domada ---- La duodécima noche ---- Mucho ruido para nada. | ||
| 700 | 1 |
_aHugo, Victor, _d1802-1885 _964627 |
|
| 700 | 1 |
_aMartínez Lafuente, R. _978169 |
|
| 740 | 0 | _aLa fiera domada. | |
| 740 | 0 | _aLa duodécima noche. | |
| 740 | 0 | _aMucho ruido para nada. | |
| 852 |
_aES-MaACL _jE-9807 _bR.93572 |
||
| 999 |
_c143862 _d143862 |
||